| 000 | 00652nam a2200205 i 4500 | ||
|---|---|---|---|
| 001 | 42142 | ||
| 003 | ES-MaACL | ||
| 005 | 20230906160545.0 | ||
| 007 | t| | ||
| 008 | 030312s1901 it ||||1| ita d | ||
| 100 | 1 |
_aCastiglioni, Luigi. _936639 |
|
| 245 | 1 | 0 |
_aManuale della beneficenza / _cde Luigi Castiglioni ; con un appendice sulla contabilitá delle istituzioni di publica beneficenza de Giovanni Rota. |
| 260 |
_aMilano : _b[Lombardi], _c1901. |
||
| 300 |
_aXVI, 239 p. ; _c15 cm. |
||
| 490 | 1 | _aManuali Hoepli | |
| 700 | 1 |
_aRota, Giovanni. _999933 |
|
| 830 | 0 |
_aManuali Hoepli _9180782 |
|
| 852 |
_aES-MaACL _jD-3591 |
||
| 999 |
_c42142 _d42142 |
||